QWERTY asia Quiz Stats

 Plays Quiz not verified by Sporcle

Score 0/48 Timer 08:00
0 Plays Today
country % Correct
Qatar
97.2%
Russia
91%
Turkey
89.6%
Turkmenistan
88.9%
Oman
87.5%
Tajikistan
86.8%
Indonesia
86.8%
India
86.8%
Iraq
86.1%
Iran
86.1%
Azerbaijan
86.1%
Thailand
85.4%
Yemen
85.4%
Uzbekistan
84.7%
Singapore
84.7%
United Arab Emirates
83.3%
Sri Lanka
83.3%
Pakistan
83.3%
Taiwan
82.6%
Armenia
82.6%
Israel
81.9%
South Korea
81.9%
Afghanistan
80.6%
Syria
80.6%
country % Correct
Philippines
79.9%
Jordan
79.9%
Japan
79.9%
Kazakhstan
79.9%
Kyrgyzstan
79.2%
North Korea
77.1%
Timor Leste
76.4%
Kuwait
76.4%
Saudi Arabia
75.7%
Laos
75%
Mongolia
72.9%
Cambodia
72.2%
Vietnam
71.5%
Malaysia
71.5%
Georgia
70.1%
Lebanon
69.4%
China
69.4%
Bhutan
69.4%
Bahrain
68.8%
Nepal
68.1%
Myanmar
68.1%
Maldives
67.4%
Brunei
66.7%
Bangladesh
63.2%

You're not logged in!

Compare scores with friends on all Sporcle quizzes.
OR
Log In

Show Comments

Extras

Created Nov 16, 2010ReportNominate
Tags:Asia Quiz, Country Quiz, order, qwerty

Top Quizzes Today


Score Distribution

Your Account Isn't Verified!

In order to create a playlist on Sporcle, you need to verify the email address you used during registration. Go to your Sporcle Settings to finish the process.

Report this User

Report this user for behavior that violates our Community Guidelines.

Details: